5HLuxD.jpg

KING HENRY VIII SENIOR AND PRIMARY SCHOOL LIBRARY OPAC

Ancient Greeks / (Record no. 1480)

000 -LEADER
fixed length control field 01284pam a2200385 i 4500
001 - CONTROL NUMBER
control field 017000858
003 - CONTROL NUMBER IDENTIFIER
control field Uk
005 - DATE AND TIME OF LATEST TRANSACTION
control field 20221230135942.0
008 - FIXED-LENGTH DATA ELEMENTS--GENERAL INFORMATION
fixed length control field 141105s2015 enkab j 001|0|eng d
015 ## - NATIONAL BIBLIOGRAPHY NUMBER
National bibliography number GBB500830
Source bnb
016 7# - NATIONAL BIBLIOGRAPHIC AGENCY CONTROL NUMBER
Record control number 017000858
Source Uk
020 ## - INTERNATIONAL STANDARD BOOK NUMBER
International Standard Book Number 9780723294436 (pbk.) :
040 ## - CATALOGING SOURCE
Original cataloging agency StDuBDS
Language of cataloging eng
Transcribing agency StDuBDS
Modifying agency Uk
-- KH8
Description conventions rda
042 ## - AUTHENTICATION CODE
Authentication code ukblcatcopy
082 04 - DEWEY DECIMAL CLASSIFICATION NUMBER
Classification number 938 SEN
Edition number 23
100 1# - MAIN ENTRY--PERSONAL NAME
Personal name Senker, Cath,
Relator term author.
245 10 - TITLE STATEMENT
Title Ancient Greeks /
Statement of responsibility, etc. written by Cath Senker ; main illustrations by Emmanuel Cerisier ; cartoon illustrations by Clive Goodyear.
264 #1 - PRODUCTION, PUBLICATION, DISTRIBUTION, MANUFACTURE, AND COPYRIGHT NOTICE
Place of production, publication, distribution, manufacture London :
Name of producer, publisher, distributor, manufacturer Ladybird Books Ltd,
Date of production, publication, distribution, manufacture, or copyright notice [2015]
264 #4 - PRODUCTION, PUBLICATION, DISTRIBUTION, MANUFACTURE, AND COPYRIGHT NOTICE
Date of production, publication, distribution, manufacture, or copyright notice ©2015
300 ## - PHYSICAL DESCRIPTION
Extent 64 pages :
Other physical details illustrations (colour), maps (colour) ;
Dimensions 26 cm.
336 ## - CONTENT TYPE
Content type term text
Source rdacontent
336 ## - CONTENT TYPE
Content type term still image
Source rdacontent
336 ## - CONTENT TYPE
Content type term cartographic image
Source rdacontent
337 ## - MEDIA TYPE
Media type term unmediated
Source rdamedia
338 ## - CARRIER TYPE
Carrier type term volume
Source rdacarrier
490 0# - SERIES STATEMENT
Series statement Ladybird histories
500 ## - GENERAL NOTE
General note Includes index.
521 1# - TARGET AUDIENCE NOTE
Target audience note 7+.
521 2# - TARGET AUDIENCE NOTE
Target audience note Key Stage 2.
651 #0 - SUBJECT ADDED ENTRY--GEOGRAPHIC NAME
Geographic name Greece
General subdivision History
Chronological subdivision To 146 B.C.
Form subdivision Juvenile literature.
651 #0 - SUBJECT ADDED ENTRY--GEOGRAPHIC NAME
Geographic name Greece
General subdivision Civilization
Chronological subdivision To 146 B.C.
Form subdivision Juvenile literature.
700 1# - ADDED ENTRY--PERSONAL NAME
Personal name Cerisier, Emmanuel,
Relator term illustrator.
700 1# - ADDED ENTRY--PERSONAL NAME
Personal name Goodyear, Clive,
Relator term illustrator.
942 ## - ADDED ENTRY ELEMENTS (KOHA)
Source of classification or shelving scheme
Koha item type Books - Non Ficton
Holdings
Withdrawn status Lost status Source of classification or shelving scheme Damaged status Not for loan Collection code Permanent Location Current Location Shelving location Date acquired Total Checkouts Full call number Barcode Date last seen Date last checked out Price effective from Koha item type
          Non-Fiction KH8 Primary School Library KH8 Primary School Library Non Fiction 2022-12-30 5 938 SEN KHPL000003260 2025-12-05 2025-05-15 2022-12-30 Books - Non Ficton

Powered By KH8 IT Dept